[Event "1st 4NCL International Open"]
[Site "Telford"]
[Date "2018.11.02"]
[Round "4"]
[White "Jamieson, Ian"]
[Black "Zabrocki, Philip Am"]
[Result "1/2-1/2"]
[WhiteElo "1947"]
[BlackElo "1952"]
[Annotator "NA"]
[PlyCount "24"]
[EventDate "2018.10.31"]
[EventType "swiss"]
[EventCountry "GBR"]
[SourceTitle "playchess.com"]
[Source "ChessBase"]
[SourceQuality "1"]
[TimeControl "5400+30"]

{[%evp 13,24,-3,32767,32767,26,-19,-11,-5,164,13,27,31,16]} 1. e4 {[%emt 0:00:12]} e6 {[%emt 0:00:00]} 2. Nf3 {[%emt 0:00:33]} d5 {[%emt 0:00:00]} 3. e5 {[%emt 0:00:05]} c5 {[%emt 0:00:00]} 4. b4 {[%emt 0:00:16]} c4 {[%emt 0:01:09]} 5. c3 {[%emt 0:00:23]} a5 {[%emt 0:02:25]} 6. b5 {[%emt 0:04:53]} Nd7 {[%emt 0:06:06]} 7. d3 {[%emt 0:03:26]} cxd3 {[%emt 0:01:12]} 8. Bxd3 {[%emt 0:00:16]} f6 {[%emt 0:10:58] LiveBook: 8 Games} 9. Qe2 {[%emt 0:10:46]} fxe5 {[%emt 0:06:03]} 10. Nxe5 {[%emt 0:00:02]} Ngf6 $2 {[%emt 0:12:02] [#]} (10... Nxe5 $11 {and Black stays safe.} 11. Qxe5 Nf6) 11. Nxd7 {[%emt 0:17:17]} ({Only move:} 11. Ng6 $1 $18 {[%cal Rg6h8][%mdl 512]} hxg6 12. Bxg6+ Ke7 13. Ba3+ Nc5 14. Bxc5+ Kd7 15. Bxf8 Qxf8 16. Nd2) 11... Bxd7 {[%emt 0:01:41]} 12. Bf4 {[%emt 0:05:00]} Bc5 $11 {[%emt 0:00:11]} 1/2-1/2

[Event "1st 4NCL International Open"]
[Site "Telford"]
[Date "2018.11.02"]
[Round "4"]
[White "Gibson, Christopher A"]
[Black "Mason, Donald J"]
[Result "1-0"]
[WhiteElo "1924"]
[BlackElo "2165"]
[Annotator "TA"]
[PlyCount "71"]
[EventDate "2018.10.31"]
[EventType "swiss"]
[EventCountry "GBR"]
[SourceTitle "playchess.com"]
[Source "ChessBase"]
[SourceQuality "1"]

{[%evp 30,71,0,-16,0,0,121,110,160,178,162,136,133,0,0,0,0,0,0,0,0,0,0,0,0,0,7,16,70,45,107,79,220,206,959,950,952,927,900,754,8745,29978,29996,29997]} 1. e4 e6 2. d4 d5 3. Nc3 Bb4 4. e5 c5 5. a3 Bxc3+ 6. bxc3 Ne7 7. Qg4 Qc7 8. Qxg7 Rg8 9. Qxh7 cxd4 10. Ne2 Nbc6 11. f4 dxc3 12. Qd3 d4 13. Rb1 Bd7 14. Rg1 {C18: French: 3 Nc3 Bb4: Main line: 7 h4 and 7 Qg4} O-O-O 15. g4 Be8 (15... Nd5 16. Nxd4 Nxd4 17. Qxd4 Kb8 18. Rg3 Bc6 19. Qc5 f6 20. exf6 Nxf6 21. Qe5 Nxg4 22. Qxc7+ Kxc7 {½-½ (30) Dominguez Perez,L (2717)-Grischuk,A (2733) Linares 2009 CBM 129 [Postny,E]}) 16. Rg3 {LiveBook: 8 Games. The position is equal.} Ng6 17. Qc4 $146 ({Predecessor:} 17. Bg2 f6 18. exf6 e5 19. g5 Bf7 20. Qf5+ Kb8 21. fxe5 Nh4 {½-½ (41) Copar,A (2398)-Conroy,M (2499) ICCF corr 1999}) 17... Qe7 (17... Nh4 $11) 18. Bg2 $16 Rh8 {[#]} 19. h3 $1 Qc7 20. Bxc6 Qxc6 21. Qxc6+ (21. Rb4 $16) 21... bxc6 $11 22. Rb4 $1 c5 $36 {[%mdl 2048] Black has some pressure.} 23. Rc4 Rd5 {aiming for ...Bb5.} 24. a4 $1 Kb7 25. Ba3 Kb6 {[#]} 26. Nxc3 $1 {[%mdl 512]} dxc3 27. Rgxc3 {[%cal Ra3c5]} Bd7 28. Bxc5+ Kb7 ({Better is} 28... Ka6 $11) 29. Bd6 $14 {Hoping for Rc7+.} Rd8 (29... Ka6 $14) 30. Rc7+ Ka8 {[#]} (30... Ka6 $16 {was worth a try.}) 31. Bc5 $1 $18 Bxa4 $2 ({Don't blunder} 31... Nxf4 $2 32. Rxa7+ Kb8 33. Rb3+ Bb5 34. Rxb5+ $18) (31... Kb8 32. Bxa7+ Ka8) 32. Rxa7+ Kb8 33. Rxa4 Rd1+ 34. Ke2 {Threatens to win with Rb4+.} R8d2+ 35. Ke3 Rh2 36. Rb4+ {Precision: White = 81%, Black = 12%.} 1-0

[Event "1st 4NCL International Open"]
[Site "Telford"]
[Date "2018.11.02"]
[Round "4"]
[White "Paul, Nathanael"]
[Black "Willow, Jonah B"]
[Result "0-1"]
[WhiteElo "1890"]
[BlackElo "2271"]
[Annotator "TA"]
[PlyCount "48"]
[EventDate "2018.10.31"]
[EventType "swiss"]
[EventCountry "GBR"]
[SourceTitle "playchess.com"]
[Source "ChessBase"]
[SourceQuality "1"]

{[%evp 9,47,-95,-84,-102,-103,-93,-56,-257,-266,-384,-381,-359,-376,-356,-358,-387,-386,-381,-378,-408,-316,-29992,-29993,-29993,-29993,-29994,-29995,-29995,-29995,-29995,-29996,-29996,-29997,-29997,-29998,-29998,-29998,-29998,-29999,-29999]} 1. e4 c5 2. a3 Nc6 3. b4 Nf6 {[%cal Bg8f6,Bf6g4,Bg4e3][%mdl 32]} 4. Nc3 (4. b5 Nd4 5. c3 Ne6 6. d3 g6 7. g3 Bg7 8. Bg2 O-O 9. Ne2 a6 10. bxa6 Rxa6 {½-½ (51) Nepomniachtchi,I (2751)-Dubov,D (2701) Moscow 2018}) 4... d5 5. b5 Nd4 6. e5 {B20: Sicilian: Unusual White 2nd moves} Ng4 $146 ({Predecessor:} 6... Bf5 7. Ra2 Nd7 8. f4 e6 9. Nf3 f6 10. exf6 Qxf6 11. Nxd4 cxd4 {0-1 (40) Sale,S (2407)-Brkic,A (2596) Split 2014}) 7. f4 Bf5 8. d3 $2 (8. Bd3 $15 Bxd3 9. cxd3) 8... Qa5 $19 9. Bd2 {[#]} (9. Qd2 $142) 9... Ne3 $1 {[%mdl 512]} 10. Bxe3 {Threatens to win with Bd2.} Qxc3+ 11. Kf2 Nxc2 12. Ra2 Nxe3 13. Kxe3 Qd4+ 14. Kf3 g5 {[%cal Bg7g5,Bg5g4][%mdl 32] ( -> ...Bg4+!)} 15. Ne2 $2 (15. Qd2 $19) 15... g4+ {Black mates.} 16. Kg3 Qe3+ 17. Kh4 e6 18. Qd2 Be7+ 19. Kh5 Bg6+ 20. Kh6 Bf8+ 21. Kg5 h6+ 22. Kf6 Be7+ 23. Kg7 {[#]} O-O-O $1 {[%csl Gg6][%cal Rh8h7][%mdl 512]} 24. Qxe3 Rdg8# {Precision: White = 36%, Black = 82%.} 0-1

[Event "1st 4NCL International Open"]
[Site "Telford"]
[Date "2018.11.02"]
[Round "4"]
[White "Guha, Chirag"]
[Black "Rahul Srivatshav P"]
[Result "0-1"]
[WhiteElo "1887"]
[BlackElo "2395"]
[Annotator "TA"]
[PlyCount "82"]
[EventDate "2018.10.31"]
[EventType "swiss"]
[EventCountry "GBR"]
[SourceTitle "playchess.com"]
[Source "ChessBase"]
[SourceQuality "1"]

{[%evp 28,82,4,9,34,28,43,0,14,7,4,-45,-36,-26,-40,-38,0,0,0,-38,0,0,25,0,0,-68,-75,-68,-77,-81,-61,-79,-62,-81,-45,-55,-50,-83,-37,-255,-243,-541,-537,-520,-503,-620,-637,-640,-630,-600,-552,-1395,-897,-1395,-1403,-1389,-1376]} 1. d4 Nf6 2. c4 g6 3. g3 Bg7 4. Bg2 O-O 5. Nf3 d6 6. O-O Nbd7 7. Nc3 e5 8. e4 exd4 9. Nxd4 Re8 10. h3 a6 11. Re1 Rb8 12. a4 Ne5 13. b3 {E68: King's Indian: Fianchetto: 6...Nbd7 7 0-0 e5 8 e4} Nfd7 14. f4 (14. Be3 Nc5 15. Bf1 Nc6 16. Rb1 Nxe4 17. Nxe4 Rxe4 18. Nxc6 bxc6 19. Bg2 Re5 20. Bxc6 Bxh3 {½-½ (96) So,W (2760)-McShane,L (2674) Las Vegas 2015}) 14... Nc6 15. Be3 {LiveBook: 3 Games. The position is equal.} Nb4 16. Nd5 $146 ({Predecessor:} 16. Na2 Nc6 17. Rb1 Qf6 18. Nc2 a5 19. Na3 Qd8 20. Nb5 Nb4 21. Nxb4 axb4 {½-½ (43) Baltag,I (2397)-Iskandarov,M (2474) Mersin 2017}) 16... a5 17. Rc1 Na6 18. Bf2 Ndc5 19. Rb1 c6 20. Nc3 Nb4 21. Bf1 h5 22. Qf3 Bd7 23. Red1 Qc8 24. Kh2 Qc7 25. Nde2 b6 {Threatening ...f5.} 26. Rd2 {[#]} ({White should try} 26. f5 $11) 26... Nxe4 $1 $15 {[%mdl 512]} 27. Nxe4 Rxe4 28. Rbd1 Re6 29. Nd4 Ree8 30. f5 Be5 31. Bd3 Nxd3 32. Qxd3 Kh7 33. Nf3 $2 {[#]} (33. fxg6+ $15 fxg6 34. Nf3) 33... Bxf5 $19 34. Ng5+ $2 (34. Qf1) 34... Kg7 {Black is clearly winning.} 35. Qf1 h4 36. Nf3 hxg3+ 37. Bxg3 Bxg3+ 38. Kxg3 Re3 39. Rxd6 Rd8 40. Qf2 Rxd6 41. Qxe3 Rxd1+ {Precision: White = 27%, Black = 51%.} 0-1

[Event "1st 4NCL International Open"]
[Site "Telford"]
[Date "2018.11.02"]
[Round "4"]
[White "Rahulan, Thivyaa"]
[Black "Ther, Mate"]
[Result "0-1"]
[WhiteElo "1868"]
[BlackElo "1759"]
[Annotator "NA RC"]
[PlyCount "62"]
[EventDate "2018.10.31"]
[EventType "swiss"]
[EventCountry "GBR"]
[SourceTitle "playchess.com"]
[Source "ChessBase"]
[SourceQuality "1"]
[TimeControl "5400+30"]

{[%evp 8,64,27,18,18,32767,32767,32767,32767,32767,32767,0,33,2,10,-19,0,0,-3,-2,16,-2,-16,-64,-83,-87,-56,-80,-65,-88,-48,-65,-50,-50,32767,-10,235,22,90,32767,-60,-75,-60,-86,-10,-33,0,-47,32767,32767,32767,32767,-5,32767,32767,32767,32767,-312,-381]} 1. e4 {[%emt 0:00:00]} e5 {[%emt 0:00:00]} 2. Nf3 {[%emt 0:00:00]} Nc6 {[%emt 0:00:00]} 3. Bc4 {[%emt 0:00:31]} Bc5 {[%emt 0:00:00]} 4. c3 {[%emt 0:00:10]} Nf6 {[%emt 0:00:00]} 5. d3 {[%emt 0:00:09] LiveBook: 6379 Games} O-O {[%emt 0:00:07]} 6. O-O {[%emt 0:00:21]} d6 {[%emt 0:00:16]} 7. Re1 {[%emt 0:01:58]} Be6 {[%emt 0:04:24] C54: Giuoco Piano: 4 c3 Nf6, main lines with 5 d4 and 5 d3} (7... a6 8. a4 Ba7 9. h3 Kh8 10. d4 h6 11. dxe5 Nxe5 12. Nxe5 dxe5 13. Qxd8 Rxd8 14. Nd2 Kg8 15. Nf3 {½-½ (31) Anand,V (2771)-Aronian,L (2780) Batumi 2018}) 8. Bb3 {[%emt 0:01:48]} Qd7 {[%emt 0:05:16]} 9. Be3 $146 {[%emt 0:09:44]} ({Predecessor:} 9. Nbd2 Ne7 10. Nf1 Ng6 11. Ng3 c6 12. Bg5 Ng4 13. d4 exd4 14. cxd4 Bb4 15. Re2 {1-0 (48) Mossafer,G (1709)-Simon,C (1567) Neumuenster 2003}) 9... Rad8 {[%emt 0:06:28]} 10. Nbd2 {[%emt 0:05:31]} Bxe3 {[%emt 0:02:03]} 11. fxe3 {[%emt 0:06:29]} d5 {[%emt 0:08:25]} 12. exd5 {[%emt 0:02:52]} Bxd5 {[%emt 0:00:45]} 13. d4 {[%emt 0:01:11]} Qg4 {[%emt 0:12:32]} 14. Bxd5 {[%emt 0:18:59]} Nxd5 {[%emt 0:01:02]} 15. c4 {[%emt 0:03:54]} ({White should try} 15. Qc2 $11) 15... Ndb4 {[%emt 0:04:23]} 16. d5 {[%emt 0:01:29]} e4 {[%emt 0:00:35]} 17. h3 {[%emt 0:08:32]} Qg6 {[%emt 0:01:07]} 18. Nh4 {[%emt 0:01:12]} Qg5 {[%emt 0:04:44]} 19. dxc6 {[%emt 0:02:33]} Qxh4 {[%emt 0:01:12]} 20. cxb7 {[%emt 0:00:56]} Rd6 {[%emt 0:06:34]} 21. Re2 {[%emt 0:03:39]} ({White should play} 21. c5 $16 Rg6 22. Re2 Qxh3 23. Qb3) 21... Rfd8 $2 {[%emt 0:03:51] [#]} (21... Rb6 $11 {and Black is okay.}) 22. Qf1 $2 {[%emt 0:01:50]} (22. c5 $1 $18 {[%cal Rc5d6]} Rd3 23. a3) 22... Rb6 {[%emt 0:06:04]} (22... Qe7 $11 {remains equal.}) 23. Nb3 {[%emt 0:05:29]} Rxb7 {[%emt 0:04:44]} 24. Rd1 {[%emt 0:07:17]} Nd3 {[%emt 0:01:50]} ({Doch nicht} 24... Nxa2 $6 25. Rxd8+ Qxd8 26. Rd2 $14) 25. Red2 {[%emt 0:00:47]} Rd6 {[%emt 0:02:16]} (25... Qg5 $17 26. Qf4 Qxf4 27. exf4 Re8) 26. Qf5 {[%emt 0:03:26]} Rb8 {[%emt 0:01:27]} 27. Qa5 {[%emt 0:01:51]} Qg3 {[%emt 0:12:24]} 28. Qxc7 {[%emt 0:06:59]} Qxe3+ {[%emt 0:00:45]} 29. Kh2 {[%emt 0:00:09]} Rbd8 {[%emt 0:01:21]} 30. Nc1 {[%emt 0:03:36]} Qf4+ {[%emt 0:01:19]} 31. g3 {[%emt 0:00:04]} Qe3 {[%emt 0:11:06]} 0-1

[Event "1st 4NCL International Open"]
[Site "Telford"]
[Date "2018.11.02"]
[Round "4"]
[White "Akeya-Price, Robert"]
[Black "Bennett, Dominic L"]
[Result "1/2-1/2"]
[WhiteElo "1730"]
[BlackElo "1933"]
[Annotator "NA RC"]
[PlyCount "89"]
[EventDate "2018.10.31"]
[EventType "swiss"]
[EventCountry "GBR"]
[SourceTitle "playchess.com"]
[Source "ChessBase"]
[SourceQuality "1"]
[TimeControl "5400+30"]

{[%evp 12,66,61,56,32767,0,93,0,-13,-20,-7,4,50,19,24,13,16,32767,29,11,88,67,66,49,95,75,102,81,88,45,64,56,32767,132,150,32767,137,-87,-94,-401,32767,32767,32767,32767,32767,32767,32767,32767,32767,-1485,32767,-2308,-9686,-29982,-733,-662,-596]} 1. d4 {[%emt 0:00:00]} d6 {[%emt 0:00:17]} 2. Nf3 {[%emt 0:00:00]} Bg4 {[%emt 0:01:04]} 3. e4 {[%emt 0:04:35]} Nf6 {[%emt 0:05:59]} 4. Nc3 {[%emt 0:02:48]} e6 {[%emt 0:02:27]} 5. Bd3 {[%emt 0:03:28] A41: 1 d4 d6: Tartakower System and Modern Defence} Be7 {[%emt 0:00:00]} 6. h3 {[%emt 0:03:32]} Bh5 {[%emt 0:00:56] LiveBook: 23 Games} 7. g4 {[%emt 0:00:33]} (7. Qe2 a6 8. g4 Bg6 9. h4 d5 10. h5 Bxe4 11. Nxe4 dxe4 12. Bxe4 c6 {1-0 (80) Tomashevsky,E (2758)-Petrosian,T (2625) Berlin 2015}) 7... Bg6 {[%emt 0:01:50]} 8. Be3 {[%emt 0:04:12]} a6 $146 {[%emt 0:05:50]} ({Predecessor:} 8... d5 $11 9. exd5 (9. e5 Nfd7 10. Ne2 c5 11. c3 Nc6 12. Nf4 Rc8 13. Nxg6 hxg6 14. a3 c4 15. Bc2 b5 16. h4 Nb6 17. Kd2 Kd7 18. Ng5 {½-½ (18) Osmanovic,K (2337)-Tibensky,R (2391) Sisak 2008}) 9... Nxd5) 9. Qd2 {[%emt 0:01:12]} (9. g5 $16) 9... d5 {[%emt 0:00:00]} 10. e5 {[%emt 0:00:08]} Nfd7 {[%emt 0:02:54]} 11. Ne2 {[%emt 0:06:01]} Nc6 {[%emt 0:02:16]} 12. c3 {[%emt 0:07:49]} Na5 {[%emt 0:07:10]} 13. b3 {[%emt 0:04:26]} Bxd3 {[%emt 0:03:42]} 14. Qxd3 {[%emt 0:00:08]} b5 {[%emt 0:02:38]} 15. O-O {[%emt 0:03:09]} Nb6 {[%emt 0:02:09]} (15... c5 $11) 16. Qd2 {[%emt 0:04:22]} Nc6 {[%emt 0:02:13]} 17. Ne1 {[%emt 0:05:39]} O-O {[%emt 0:10:14]} 18. f4 {[%emt 0:02:53]} a5 {[%emt 0:10:29]} 19. f5 {[%emt 0:02:09]} a4 {[%emt 0:01:29]} 20. Rb1 {[%emt 0:05:17]} axb3 {[%emt 0:00:21]} 21. axb3 {[%emt 0:00:00]} b4 {[%emt 0:02:40]} 22. Nf4 {[%emt 0:04:56]} Qd7 {[%emt 0:06:34]} 23. Nh5 {[%emt 0:09:06]} bxc3 {[%emt 0:02:39]} (23... f6 $14) 24. Qf2 $2 {[%emt 0:01:21] [#]} (24. Qxc3 $16 {stays on course.} Rfc8 25. Nd3) 24... f6 $1 {[%emt 0:04:37]} 25. g5 $2 {[%emt 0:19:04]} (25. Nd3 $17 {is tougher.}) 25... fxe5 {[%emt 0:04:10]} 26. f6 {[%emt 0:01:13]} exd4 {[%emt 0:03:02]} 27. Bxd4 {[%emt 0:00:13]} e5 {[%emt 0:02:13]} 28. Bxc3 {[%emt 0:03:39]} Qxh3 {[%emt 0:04:33]} 29. Nxg7 {[%emt 0:02:04]} Qxc3 {[%emt 0:03:14]} 30. Qf5 $2 {[%emt 0:00:29]} (30. Ne6 Rf7 31. Ng2) 30... Bc5+ {[%emt 0:02:02]} 31. Kg2 {[%emt 0:00:17]} Ra2+ {[%emt 0:01:43]} 32. Kh1 {[%emt 0:00:29]} Nd4 {[%emt 0:02:44]} 33. Qg4 {[%emt 0:00:48]} Qd2 $19 {[%emt 0:01:01]} 34. Qh3 {[%emt 0:00:29]} Qe2 {[%emt 0:01:12]} 35. Ng2 {[%emt 0:00:34]} Qxg2+ {[%emt 0:00:30]} 36. Qxg2 {[%emt 0:00:03]} Rxg2 {[%emt 0:00:06]} 37. Kxg2 {[%emt 0:00:07]} Nc2 {[%emt 0:00:36]} 38. Rfc1 {[%emt 0:00:28]} Ne3+ {[%emt 0:00:17]} 39. Kf3 {[%emt 0:00:20]} e4+ {[%emt 0:00:25]} 40. Ke2 {[%emt 0:00:46]} Bd4 {[%emt 0:00:51]} 41. Ne6 {[%emt 0:01:09]} Nf5 {[%emt 0:00:22]} 42. Nxf8 {[%emt 0:00:15]} Kxf8 {[%emt 0:00:02]} 43. Rxc7 {[%emt 0:00:11]} Be3 {[%emt 0:00:58]} 44. Rxh7 {[%emt 0:01:08]} Bxg5 {[%emt 0:00:19]} 45. Rb7 {[%emt 0:00:23]} 1/2-1/2

[Event "1st 4NCL International Open"]
[Site "Telford"]
[Date "2018.11.02"]
[Round "4"]
[White "Ross, Stuart"]
[Black "Britton, Richard L"]
[Result "0-1"]
[WhiteElo "1608"]
[BlackElo "2204"]
[Annotator "ChessBase"]
[PlyCount "82"]
[EventDate "2018.10.31"]
[EventType "swiss"]
[EventCountry "GBR"]
[SourceTitle "playchess.com"]
[Source "ChessBase"]
[SourceQuality "1"]
[TimeControl "5400+30"]

1. e4 {[%emt 0:00:00]} c5 {[%emt 0:00:53]} 2. Nf3 {[%emt 0:00:00]} d6 {[%emt 0:00:32]} 3. d4 {[%emt 0:00:00]} cxd4 {[%emt 0:00:03]} 4. Nxd4 {[%emt 0:00:00]} Nf6 {[%emt 0:00:05]} 5. Nc3 {[%emt 0:00:17]} a6 {[%emt 0:00:03]} 6. Bg5 {[%emt 0:00:33]} e6 {[%emt 0:00:07]} 7. f4 {[%emt 0:00:16]} Nbd7 {[%emt 0:01:05]} 8. Qf3 {[%emt 0:00:25]} Qc7 {[%emt 0:00:05]} 9. O-O-O {[%emt 0:00:19]} Be7 {[%emt 0:02:27]} 10. g4 {[%emt 0:00:30]} b5 {[%emt 0:00:05]} 11. Bxf6 {[%emt 0:01:08]} Nxf6 {[%emt 0:00:04]} 12. g5 {[%emt 0:00:38]} Nd7 {[%emt 0:00:03]} 13. f5 {[%emt 0:00:53]} Bxg5+ {[%emt 0:00:58]} 14. Kb1 {[%emt 0:00:04]} Ne5 {[%emt 0:00:07]} 15. Qh5 {[%emt 0:01:27]} Qd8 {[%emt 0:00:20]} 16. Rg1 {[%emt 0:03:20]} Bf6 {[%emt 0:03:43]} 17. fxe6 {[%emt 0:07:04]} g6 {[%emt 0:07:32]} 18. exf7+ {[%emt 0:07:36]} Nxf7 {[%emt 0:03:01]} 19. Qd5 {[%emt 0:02:34]} Bd7 {[%emt 0:02:26]} 20. Ne6 {[%emt 0:19:01]} Bxe6 {[%emt 0:03:49]} 21. Qxe6+ {[%emt 0:00:15]} Qe7 {[%emt 0:00:03]} 22. Bh3 {[%emt 0:07:14]} Qxe6 {[%emt 0:02:28]} 23. Bxe6 {[%emt 0:00:14]} Bxc3 {[%emt 0:00:37]} 24. bxc3 {[%emt 0:02:00]} Rd8 {[%emt 0:00:44]} 25. Rdf1 {[%emt 0:02:08]} Ne5 {[%emt 0:00:19]} 26. Rf6 {[%emt 0:04:51]} Ke7 {[%emt 0:00:54]} 27. Rgf1 {[%emt 0:00:51]} Rhf8 {[%emt 0:09:45]} 28. Rxf8 {[%emt 0:01:27]} Rxf8 {[%emt 0:00:04]} 29. Rxf8 {[%emt 0:03:07]} Kxf8 {[%emt 0:00:04]} 30. Bc8 {[%emt 0:01:25]} a5 {[%emt 0:00:45]} 31. Ba6 {[%emt 0:00:53]} Nf3 {[%emt 0:00:28]} 32. Bxb5 {[%emt 0:01:40]} Nxh2 {[%emt 0:00:08]} 33. Be2 {[%emt 0:01:08]} Ke7 {[%emt 0:00:42]} 34. Kc1 {[%emt 0:00:45]} Ke6 {[%emt 0:00:07]} 35. Kd2 {[%emt 0:00:16]} Ke5 {[%emt 0:00:03]} 36. Ke3 {[%emt 0:00:40]} h5 {[%emt 0:00:03]} 37. c4 {[%emt 0:08:12]} Ng4+ {[%emt 0:01:45]} 38. Kf3 {[%emt 0:00:57]} Nf6 {[%emt 0:00:05]} 39. Bd3 {[%emt 0:00:49]} g5 {[%emt 0:00:11]} 40. c3 {[%emt 0:03:36]} h4 {[%emt 0:00:31]} 41. Ke3 {[%emt 0:02:49]} g4 {[%emt 0:01:33]} 0-1

[Event "1st 4NCL International Open"]
[Site "Telford"]
[Date "2018.11.02"]
[Round "5"]
[White "Turner, Matthew J"]
[Black "Haria, Ravi"]
[Result "1/2-1/2"]
[WhiteElo "2536"]
[BlackElo "2436"]
[Annotator "TA"]
[PlyCount "79"]
[EventDate "2018.10.31"]
[EventType "swiss"]
[EventCountry "GBR"]
[SourceTitle "playchess.com"]
[Source "ChessBase"]
[SourceQuality "1"]

{[%evp 22,79,22,18,38,46,69,67,61,68,53,64,65,49,62,2,61,59,82,67,147,133,150,135,178,135,131,133,137,85,103,81,100,27,19,19,22,18,18,20,167,18,268,262,1781,1435,1085,0,0,0,0,0,0,0,0,0,0,0,0,0]} 1. Nf3 Nf6 2. c4 e6 3. g3 d5 4. d4 Be7 5. Bg2 O-O 6. O-O dxc4 7. Qc2 a6 8. a4 Nc6 9. Qxc4 Qd5 10. Nbd2 Rd8 11. e3 Qh5 {E05: Open Catalan: 5 Nf3 Be7} 12. h3 {LiveBook: 5 Games} (12. Ne1 e5 13. dxe5 Ng4 14. Ndf3 Be6 15. Qc2 Bf5 16. Qb3 Be4 17. h3 Ngxe5 18. g4 Qg6 19. a5 {1-0 (35) Mareco,S (2606)-Zhigalko,A (2591) Baku 2016}) 12... Nd5 13. Qe2 e5 $146 {White is slightly better.} ({Predecessor:} 13... Ndb4 14. Nc4 f6 15. e4 Qf7 16. Rd1 b6 17. Bf4 Bf8 18. h4 a5 19. b3 {½-½ (63) Lukasevicius,P (2274)-Glaser,K (2241) ICCF email 2014}) 14. g4 Qg6 15. Nxe5 Nxe5 16. dxe5 a5 17. Nc4 Qa6 18. Re1 (18. b3 $14) 18... Nb4 (18... Be6 $11) 19. b3 $14 h5 20. Be4 hxg4 (20... Qh6 $14) 21. hxg4 $16 Be6 22. Ba3 Rd7 23. Rad1 Rad8 24. Rxd7 Rxd7 25. Rc1 (25. Qf3 $142) 25... b5 26. Bxb4 Bxb4 {[#]} 27. axb5 (27. Nd6 $1 $16 {[%mdl 512]}) 27... Qxb5 $11 28. Bf5 Rd2 $1 {[%cal Rd2e2]} 29. Qf3 Bxc4 $1 30. Rxc4 g6 {[#]} (30... Qxe5 $11 31. Qe4 Qa1+ 32. Kg2 g6 33. Bxg6 (33. Rxc7 Qf6 $14) 33... fxg6 34. Qe6+ Kh7) 31. Rxc7 ({White must play} 31. Bxg6 $1 $18 {[%mdl 512]} fxg6 32. Rxc7) 31... gxf5 $2 (31... Qxe5 $11 {and Black is okay.} 32. Rc8+ Kg7) 32. Qxf5 $18 Qd5 $2 (32... Rd1+ 33. Kh2 Qxe5+ 34. Qxe5 Bd6 35. Rc8+ Kh7) 33. Rc8+ Bf8 34. e4 $2 (34. Qg5+ $18 Kh7 35. Rxf8 Rd1+ 36. Kh2 Qh1+ 37. Kg3 Qg1+ 38. Kf3 Qh1+ 39. Kf4 Qh2+ 40. Ke4 Qg2+ 41. f3 Qc2+ 42. Kf4) 34... Rd1+ $11 {The position is equal.} 35. Kg2 Qd3 36. Qg5+ Kh7 37. Qh5+ Kg7 38. Qg5+ Kh7 39. Qh5+ Kg7 {( -> ...Qf1+)} 40. Qg5+ {Precision: White = 48%, Black = 33%.} 1/2-1/2

[Event "1st 4NCL International Open"]
[Site "Telford"]
[Date "2018.11.02"]
[Round "5"]
[White "Fodor, Tamas Jr."]
[Black "Ratnesan, Ranesh"]
[Result "1-0"]
[WhiteElo "2520"]
[BlackElo "1994"]
[Annotator "TA"]
[PlyCount "69"]
[EventDate "2018.10.31"]
[EventType "swiss"]
[EventCountry "GBR"]
[SourceTitle "playchess.com"]
[Source "ChessBase"]
[SourceQuality "1"]

{[%evp 12,69,77,66,83,73,101,37,63,66,80,68,72,67,87,71,63,62,103,20,24,0,0,0,22,27,77,68,75,71,66,18,203,114,108,102,95,78,101,95,94,64,71,66,87,60,120,126,122,121,120,109,230,229,229,228,232,227,229,223]} 1. e4 c5 2. Nf3 d6 3. c3 Nf6 4. Be2 Nc6 5. d4 cxd4 6. cxd4 Bg4 {B50: Sicilian: 2...d6, Miscellaneous} (6... d5 7. e5 Ne4 8. O-O Bg4 9. Nbd2 Nxd2 10. Bxd2 e6 11. Be3 Be7 12. Rc1 O-O 13. h3 Bxf3 14. Bxf3 Qb6 15. b3 Rfc8 16. Be2 {0-1 (52) Moiseenko,V (2528)-Kryakvin,D (2554) Sochi 2016}) 7. Nc3 {LiveBook: 3 Games} g6 8. Be3 Bg7 {White is better.} 9. Qb3 (9. d5 $16 Bxf3 10. Bxf3 (10. gxf3 Ne5 $14)) 9... Na5 $146 ({Predecessor:} 9... Bd7 10. O-O O-O 11. Nd2 b6 12. h3 Bc8 13. f4 Bb7 14. Bf3 Rc8 {1-0 (37) Mata,M-Palla,R (1680) Nachod 2002}) 10. Qa4+ Bd7 11. Qa3 Rc8 12. h3 O-O 13. Nd2 Ne8 14. O-O Nc6 15. d5 (15. Nb3 $16) 15... Nd4 $11 {[#] And now ...Rxc3! would win.} 16. Qxa7 Nxe2+ 17. Nxe2 Bb5 18. Rfe1 $1 Bxe2 19. Rxe2 Rc2 20. Rb1 Qc8 21. Bd4 Nc7 $2 {[#]} (21... Bh6 $11 {and Black stays safe.} 22. Be3 Bg7) 22. Bxg7 ({Better is} 22. Qa4 $18) 22... Kxg7 $16 23. Qd4+ Kg8 24. Ree1 Nb5 25. Qe3 Qc5 26. Nf1 Ra8 27. a3 Nd4 28. Rbd1 Nb5 ({Black should try} 28... Nb3 $14) 29. Rd2 Rc8 30. Rxc2 Qxc2 31. Qb6 Qc5 (31... Qxb2 $16 32. a4 (32. Qxb7 Rc2 $14) 32... Qb4 33. Qxb7 Rf8) 32. Qxb7 $18 {White is clearly better.} Rc7 33. Qa8+ Kg7 34. Qa5 Ra7 35. Qd2 {Precision: White = 49%, Black = 39%.} 1-0